Helping youth and adults know the Bible. (Record no. 3812)

000 -LEADER
fixed length control field 00634nam a2200205 a 4500
001 - CONTROL NUMBER
control field :::00001547$&:&@@
003 - CONTROL NUMBER IDENTIFIER
control field OkBaRHE
005 - DATE AND TIME OF LATEST TRANSACTION
control field 20000607103244.0
008 - FIXED-LENGTH DATA ELEMENTS--GENERAL INFORMATION
fixed length control field s1962 j 000 0 eng u
040 ## - CATALOGING SOURCE
Transcribing agency
100 1# - MAIN ENTRY--PERSONAL NAME
Personal name Heikkinen, Jacob W.
245 10 - TITLE STATEMENT
Title Helping youth and adults know the Bible.
260 ## - PUBLICATION, DISTRIBUTION, ETC. (IMPRINT)
Place of publication, distribution, etc Philadelphia, PA., :
Name of publisher, distributor, etc Lutheran Church Press
Date of publication, distribution, etc c1962
300 ## - PHYSICAL DESCRIPTION
Extent 176 p. : illus. ;
Dimensions 21 cm.
650 ## - SUBJECT ADDED ENTRY--TOPICAL TERM
Topical term or geographic name as entry element Bible
General subdivision Introductions
650 ## - SUBJECT ADDED ENTRY--TOPICAL TERM
Topical term or geographic name as entry element Bible
General subdivision Study
700 ## - ADDED ENTRY--PERSONAL NAME
Personal name Norquist, Leroy N.
942 ## - ADDED ENTRY ELEMENTS (KOHA)
Source of classification or shelving scheme
Koha item type Books
Copies
Source of classification or shelving scheme Date acquired Full call number Price effective from Withdrawn status Permanent Location Date last seen Koha item type Shelving location Lost status Damaged status Copy number Barcode Not for loan
 2010-04-14BS 600 .H3882010-04-14 RHEMA Bible Training College2010-04-14BooksGeneral Stacks  11547